LEADER 01411nam 2200433 450 001 996210374603316 005 20230421041123.0 035 $a(CKB)111026746742008 035 $a(SSID)ssj0000451372 035 $a(PQKBManifestationID)12156196 035 $a(PQKBTitleCode)TC0000451372 035 $a(PQKBWorkID)10459838 035 $a(PQKB)10292992 035 $a(WaSeSS)IndRDA00123434 035 $a(EXLCZ)99111026746742008 100 $a20200523d1996 uy 0 101 0 $aeng 135 $aur||||||||||| 181 $ctxt 182 $cc 183 $acr 200 10$aCompcon '96 $edigest of papers : technologies for the information superhighway : forty-first IEEE computer Society International Conference : February 25-28, 1996, Santa Clara, California /$fsponsored by the IEEE Computer Society 210 1$aLos Alamitos, California :$cIEEE Computer Society,$d1996. 215 $a1 online resource (473 pages) 300 $aIncludes index. 311 $a0-8186-7414-8 606 $aInformation superhighway$vCongresses 606 $aInformation technology$vCongresses 615 0$aInformation superhighway 615 0$aInformation technology 676 $a303.4834 712 02$aIEEE Computer Society 712 12$aCOMPCON 801 0$bWaSeSS 801 1$bWaSeSS 906 $aBOOK 912 $a996210374603316 996 $aCompcon '96$92324741 997 $aUNISA